Loading...
| Philosophy | 0 | 3 | 0 | 0 | 30 | 75 | 89.67 | 2 | 2 | 7.53 | 22.00 |
| Literature - European | 0 | 2 | 0 | 0 | 20 | 139 | 139.00 | 0 | 1 | 0.75 | 12.00 |
| Science - Biology | 0 | 2 | 0 | 0 | 20 | 74 | 79.50 | 0 | 2 | 5.28 | 14.00 |
| Science - Other | 0 | 2 | 1 | 0 | 15 | 68 | 88.00 | 0 | 1 | 3.86 | 10.00 |
| Literature - World | 0 | 1 | 0 | 0 | 10 | 102 | 102.00 | 0 | 0 | 2.44 | 4.00 |
| Social Science | 0 | 1 | 0 | 0 | 10 | 71 | 71.00 | 0 | 1 | 3.55 | 6.00 |
| Fine Arts - Painting and Sculpture | 0 | 1 | 0 | 0 | 10 | 85 | 85.00 | 0 | 0 | 3.09 | 2.00 |
| Literature - American | 0 | 1 | 0 | 0 | 10 | 132 | 132.00 | 0 | 0 | 0.08 | 2.00 |
| Literature - British | 0 | 1 | 0 | 0 | 10 | 120 | 120.00 | 0 | 1 | 1.24 | 8.00 |
| Science - Physics | 0 | 0 | 1 | 0 | -5 | 0.00 | 0 | 0 | 0.00 | 0.00 | |
| Fine Arts - Other | 0 | 0 | 1 | 0 | -5 | 0.00 | 0 | 0 | 0.00 | 0.00 |